Adventures in the Caucasus. / (Record no. 21706)
[ view plain ]
| 000 -LEADER | |
|---|---|
| fixed length control field | 00738nam a22002292i 4500 |
| 001 - CONTROL NUMBER | |
| control field | 21706 |
| 003 - CONTROL NUMBER IDENTIFIER | |
| rucl marc code | BD-RjUL |
| 005 - DATE AND TIME OF LATEST TRANSACTION | |
| control field | 20211209000723.0 |
| 008 - FIXED-LENGTH DATA ELEMENTS--GENERAL INFORMATION | |
| fixed length control field | 140305s1962 enkaf 000 0 eng u |
| 035 ## - SYSTEM CONTROL NUMBER | |
| System control number | (BD-RjUL)21771 |
| -- | OCLC ocm04268467 from D950608M |
| 040 ## - CATALOGING SOURCE | |
| Original cataloging agency | AFU |
| Modifying agency | UKM |
| -- | EQO |
| -- | BD-RjUL |
| Language of cataloging | eng |
| Transcribing agency | BD-RjUL |
| 041 ## - LANGUAGE CODE | |
| Language code of text/sound track or separate title | eng |
| 082 00 - DEWEY DECIMAL CLASSIFICATION NUMBER | |
| Classification number | 947.908 |
| Edition number | 18 |
| Author mark and year | DUA 1962 |
| 100 1# - MAIN ENTRY--PERSONAL NAME | |
| Personal name | Dumas, Alexandre, |
| Dates associated with a name | 1802-1870. |
| 9 (RLIN) | 16135 |
| 245 10 - TITLE STATEMENT | |
| Title | Adventures in the Caucasus. / |
| Statement of responsibility, etc. | Translated and edited by A.E. Murch |
| 260 ## - PUBLICATION, DISTRIBUTION, ETC. (IMPRINT) | |
| Place of publication, distribution, etc. | London : |
| Name of publisher, distributor, etc. | Peter Owen, |
| Date of publication, distribution, etc. | 1962. |
| 300 ## - PHYSICAL DESCRIPTION | |
| Pagination | 205 p. : |
| Illustrations | plates ; |
| Size | 23 cm |
| 500 ## - GENERAL NOTE | |
| General note | "Translated from the French 'En Caucase'." |
| 651 #0 - SUBJECT ADDED ENTRY--GEOGRAPHIC NAME | |
| Geographic name | Caucasus |
| General subdivision | Description and travel |
| 9 (RLIN) | 67042 |
| 942 ## - ADDED ENTRY ELEMENTS (KOHA) | |
| Source of classification or shelving scheme | Dewey Decimal Classification |
| Koha item type | Books |
| Lost status | Source of classification or shelving scheme | Damaged status | Not for loan | Collection code | Permanent Location | Current Location | Shelving location | Date acquired | Source of acquisition | Cost, normal purchase price | Total Checkouts | Full call number | Date last seen | Copy number | Koha item type |
|---|---|---|---|---|---|---|---|---|---|---|---|---|---|---|---|
| Dewey Decimal Classification | Added to bundle | Non-fiction | Central Library, University of Rajshahi | Central Library, University of Rajshahi | Reading Room | 04/03/1964 | Zeitlinger | 21.00 | 947.908 DUA 1962 | 05/03/2014 | C-1 | Books |